000 00805cam a2200253 i 4500
001 357607
005 20160711093505.0
008 770207s1977 nyu b 001 0 eng
010 _a 77000128
020 _a067930312X :
_c$14.95
_a0679303111
040 _aDLC
_cDLC
_dDLC
050 0 0 _aH62
_b.M44 1977
082 0 0 _a302/.072
_219
100 1 _aMiller, Delbert Charles,
_d1913-
245 1 0 _aHandbook of research design and social measurement /
_cDelbert C. Miller.
250 _a3d ed.
260 _aNew York :
_bD. McKay,
_c1977.
300 _ax, 518 p. ;
_c26 cm.
504 _aIncludes bibliographies and index.
650 0 _aSocial sciences
_xResearch.
650 0 _aSociometry.
906 _a7
_bcbc
_corignew
_d1
_eocip
_f19
_gy-gencatlg
942 _2lcc
_cBOOKS
_hM 62 .M44 1977
999 _c11557
_d11557